000 00488nam a2200133Ia 4500
008 221007s9999 xx 000 0 und d
041 _aeng
082 _bBAR
100 _aBaregar Ketki J - 2k131007; Dr.Ashok Pawar - Guide & [Company Name] -Geet Gandhar
_9103249
245 _aMarket Opportunities Available For Indian Musical Instruments With Reference To Online Selling In Pune Region
260 _cSep-14
_bSavitribai Phule Pune University
_aPune
300 _a66p
906 _bGeneral
999 _c73610
_d73610